00440 a2200145 4500003000500000005001700005040000900022082001100031245006300042505003000105650002100135651001600156999001900172952010300191Nust20170207154601.0 cNust a025.34 aWhat to say : Units : 11-15, side 1: units: 16-20, side 2  aAlmirah No.73 shelf No.6  aEnglish learning aWhat to say c198602d198602 00102ddc40708NFICaMCSbMCSd2016-12-12l0o025.34 WHApMCSCst-16r2016-12-08w2016-12-12yBK